LEADER 02841nam 22006495 450 001 9910401936903321 005 20250626164319.0 010 $a981-15-4821-8 024 7 $a10.1007/978-981-15-4821-5 035 $a(CKB)4100000011264514 035 $a(MiAaPQ)EBC6207033 035 $a(DE-He213)978-981-15-4821-5 035 $a(PPN)248393626 035 $a(MiAaPQ)EBC6206989 035 $a(EXLCZ)994100000011264514 100 $a20200520d2020 u| 0 101 0 $aeng 135 $aurcnu|||||||| 181 $ctxt$2rdacontent 182 $cc$2rdamedia 183 $acr$2rdacarrier 200 10$aAdvances in Waste Processing Technology /$fedited by Abu Zahrim Yaser 205 $a1st ed. 2020. 210 1$aSingapore :$cSpringer Nature Singapore :$cImprint: Springer,$d2020. 215 $a1 online resource (221 pages) $cillustrations 311 08$a981-15-4820-X 327 $a1. A Review Of Enhanced Micromixing Techniques In Microfluidics For The Application In Wastewater Analysis -- 2. Conversion Of Waste Transformer Oil Into Grease -- 3. Nanofiber-Immobilized B-Galactosidase For Dairy Waste Conversion Into Galacto-Oligosaccharides -- 4. Treatment Of Petroleum-Based Industrial Wastewater Using Electrocoagulation Technology -- 5. Activated Carbon From Meranti Wood Sawdust Waste Prepared By Microwave Heating For Dye Removal -- 6. A Study On The Adsorption Of 2,4,6, Trichlorophenol By Palm Kernel Cake. 330 $aThis book highlights the latest research on waste processing technologies, particularly for domestic, agricultural, and petroleum based pollutants, intended to achieve waste valorisation. In addition, it discusses the important role of plastic recycling, as well as advanced waste processing techniques. 606 $aEnvironmental economics 606 $aRefuse and refuse disposal 606 $aIndustrial microbiology 606 $aEcology 606 $aChemistry, Technical 606 $aEnvironmental Economics 606 $aWaste Management/Waste Technology 606 $aIndustrial Microbiology 606 $aEnvironmental Sciences 606 $aIndustrial Chemistry 615 0$aEnvironmental economics. 615 0$aRefuse and refuse disposal. 615 0$aIndustrial microbiology. 615 0$aEcology. 615 0$aChemistry, Technical. 615 14$aEnvironmental Economics. 615 24$aWaste Management/Waste Technology. 615 24$aIndustrial Microbiology. 615 24$aEnvironmental Sciences. 615 24$aIndustrial Chemistry. 676 $a170.835 702 $aYaser$b Abu Zahrim$4edt$4http://id.loc.gov/vocabulary/relators/edt 801 0$bMiAaPQ 801 1$bMiAaPQ 801 2$bMiAaPQ 906 $aBOOK 912 $a9910401936903321 996 $aAdvances in Waste Processing Technology$92070193 997 $aUNINA